Pokémon - Attacken von Maxax in KA/PU - Statistiken

Allgemein
  • Dieses Quiz wurde 2 mal gespielt
  • Das Durchschnittsergebnis liegt bei 30 aus 65
Antwortstatistiken
Antwort % Korrekt
Dampfwalze
100%
Drachenklaue
100%
Drachenpuls
100%
Drachenrute
100%
Drachentanz
100%
Dunkelklaue
100%
Durchbruch
100%
Eisenschädel
100%
Erdbeben
100%
Gifthieb
100%
Gigastoß
100%
Hyperstrahl
100%
Kreuzschere
100%
Nachthieb
100%
Nahkampf
100%
Schutzschild
100%
Schwerttanz
100%
Steinhagel
100%
Surfer
100%
Wutanfall
100%
Biss
50%
Bodycheck
50%
Breitseite
50%
Brüller
50%
Draco Meteor
50%
Eisenschweif
50%
Erholung
50%
Felsgrab
50%
Fußkick
50%
Fußtritt
50%
Gewissheit
50%
Knirscher
50%
Kratzer
50%
Nassschweif
50%
Risikotackle
50%
Schaufler
50%
Schlafrede
50%
Silberblick
50%
Strauchler
50%
Aero-Ass
0%
Ausdauer
0%
Bodyslam
0%
Delegator
0%
Drachenschrei
0%
Energiefokus
0%
Fassade
0%
Fokusstoß
0%
Fruststampfer
0%
Gegenschlag
0%
Grimasse
0%
Guillotine
0%
Konter
0%
Notsituation
0%
Regentanz
0%
Schleuder
0%
Schlitzer
0%
Schuppenschuss
0%
Sonnentag
0%
Standpauke
0%
Sternschauer
0%
Tera-Ausbruch
0%
Trugschlag
0%
Überrumpler
0%
Verhöhner
0%
Wegbereiter
0%
Keine übereinstimmenden Quizze gefunden
Verteilung der Resultate
Anzahl Personen mit jedem Resultat
Perzentil nach korrekt beantworteten Fragen
Ihre Resultats-Entwicklung
Sie haben dieses Quiz noch nicht gespielt